| 000 | 00635nam a2200217 a 4500 | ||
|---|---|---|---|
| 001 | 000003540 | ||
| 003 | DO-SdBNP | ||
| 005 | 20240412074201.0 | ||
| 007 | ta | ||
| 008 | 090710s1994 dr c 000 0 spa d | ||
| 040 |
_aDO-SdBNP _bspa _cBNPHU |
||
| 082 | 4 |
_aRD861.44 _bP438p _222 |
|
| 100 | 1 |
_aPérez de Soba, Arturo _910958 |
|
| 245 | 1 | 0 |
_aDe paseo con el sol / _cArturo Pérez de Soba. |
| 260 |
_aSanto Domingo : _bAmigo del Hogar, _c1994. |
||
| 300 |
_a100 p. : _bretrs. ; _c18 cm. |
||
| 650 | 4 |
_aPoesía dominicana _966 |
|
| 650 | 0 |
_aLiteratura dominicana. _967 |
|
| 910 | _aValidado. Control de calidad MMOLINA | ||
| 942 |
_2ddc _cLBS1 |
||
| 999 |
_c3366 _d3366 |
||